Návrh a realizácia systému pre robotizované testovanie web aplikácií

Na minha lista:
Detalhes bibliográficos
Autor principal: Kubiš, Matúš (Author)
Outros Autores: Halenár, Igor (Thesis advisor)
Formato: Manuscrito Livro
Idioma:eslovaco
Publicado em: 2022
Assuntos:
Acesso em linha:http://is.stuba.sk/zp/portal_zp.pl?podrobnosti=158348
Tags: Adicionar Tag
Sem tags, seja o primeiro a adicionar uma tag!

MARC

LEADER 00000ntm a22000003a 4500
001 stuzp82481
003 SK-STU
005 20220611210329.0
007 ta
008 150427s2015----xo-----f-mn---000-0-slo-d
040 |a STU  |b slo 
041 0 |a slo 
100 1 |a Kubiš, Matúš  |u 066000  |k Z4  |4 aut  |U MTF Materiálovotechnologická fakulta  |T MTF Ústav aplikovanej informatiky, automatizácie a mechatroniky  |X 72190  |U M6000  |Y 86  |7 72190 
242 0 1 |a Proposal and implementation of a system for robotic testing of web applications  |y eng 
245 1 0 |a Návrh a realizácia systému pre robotizované testovanie web aplikácií 
260 |c 2022 
650 4 |a automatizované testovanie  |2 slo 
650 4 |a robot framework  |2 slo 
650 4 |a knižnica  |2 slo 
650 4 |a openCV  |2 slo 
650 4 |a python  |2 slo 
650 4 |a python  |2 eng 
650 4 |a openCV  |2 eng 
650 4 |a library  |2 eng 
650 4 |a automated tests  |2 eng 
650 4 |a robot framework  |2 eng 
700 1 |a Halenár, Igor  |u 066000  |k Z1  |4 ths  |U MTF Materiálovotechnologická fakulta  |T MTF Ústav aplikovanej informatiky, automatizácie a mechatroniky  |X 2860  |U M6000  |Y 86  |7 A000002860 
856 4 |u http://is.stuba.sk/zp/portal_zp.pl?podrobnosti=158348